[Event "Andalucia-chA"]
[Site "Algeciras"]
[Date "2018.05.20"]
[Round "7"]
[White "Lopez Rodriguez, Miguel Angel"]
[Black "Lovera Escallada, Rafael"]
[Result "1/2-1/2"]
[WhiteElo "1926"]
[BlackElo "1706"]
[PlyCount "96"]
[EventDate "2018.05.12"]
[EventType "swiss"]
[EventRounds "8"]
[EventCountry "ESP"]
[SourceTitle "EXT 2020"]
[Source "ChessBase"]
[SourceDate "2019.10.17"]
[SourceVersion "1"]
[SourceVersionDate "2019.10.17"]
[SourceQuality "1"]

1. Nf3 f5 2. e4 fxe4 3. Ng5 Nf6 4. d3 e5 5. Nxe4 d6 6. Bg5 Be7 7. Bxf6 Bxf6 8. Qh5+ g6 9. Qh6 Qe7 10. Nxf6+ Qxf6 11. Nc3 Be6 12. Be2 Nc6 13. Ne4 Qf8 14. Qh4 Qe7 15. Qg3 Nd4 16. Bd1 0-0-0 17. c3 Nf5 18. Qg5 Qf7 19. 0-0 Kb8 20. Qd2 h6 21. b4 g5 22. Bb3 Nh4 23. f3 Rdf8 24. Qf2 Qd7 25. Bxe6 Qxe6 26. a4 Qe7 27. Qe2 Ng6 28. b5 h5 29. Nf2 Nf4 30. Qd2 g4 31. fxg4 hxg4 32. g3 Nh3+ 33. Nxh3 gxh3 34. Rxf8+ Rxf8 35. Rf1 Rxf1+ 36. Kxf1 c6 37. Qf2 Qg5 38. c4 Qc1+ 39. Qe1 Qa3 40. Qd1 Qa2 41. Qe2 Qxa4 42. bxc6 Qxc6 43. Qf2 a5 44. Qf8+ Ka7 45. Qf2+ Ka6 46. Qf8 Qg2+ 47. Ke1 Qg1+ 48. Kd2 Qd4 1/2-1/2

[Event "Andalucia-chA"]
[Site "Algeciras"]
[Date "2018.05.12"]
[Round "2"]
[White "Gomez Zambrana, Pedro Alfonso"]
[Black "Lopez Rodriguez, Miguel Angel"]
[Result "1-0"]
[WhiteElo "1848"]
[BlackElo "1926"]
[PlyCount "43"]
[EventDate "2018.05.12"]
[EventType "swiss"]
[EventRounds "8"]
[EventCountry "ESP"]
[SourceTitle "EXT 2020"]
[Source "ChessBase"]
[SourceDate "2019.10.17"]
[SourceVersion "1"]
[SourceVersionDate "2019.10.17"]
[SourceQuality "1"]

1. d4 Nf6 2. c4 e6 3. Nf3 Bb4+ 4. Bd2 c5 5. Nc3 0-0 6. Qc2 Nc6 7. e3 cxd4 8. exd4 d5 9. 0-0-0 dxc4 10. Bg5 Bxc3 11. bxc3 Qd5 12. Bxf6 gxf6 13. h4 b5 14. Qd2 Ne7 15. Be2 Qd6 16. Rh3 Nd5 17. Kb2 Rb8 18. Qh6 Kh8 19. Ng5 fxg5 20. hxg5 Qa3+ 21. Kxa3 b4+ 22. cxb4 1-0